O dvoch komunikačných zručnostiach, alebo, o počúvaní a písaní

Podrobná bibliografia
Hlavní autori: Palenčárová, Jana (Autor), Liptáková, Ľudmila, 1963- (Autor)
Médium: Kniha
Jazyk:slovenčina
PhysicalDescription:95 strán ilustrácie, schémy 21 cm
Vydavateľské údaje: Bratislava Združenie Orava pre demokraciu vo vzdelávaní 2004
ISBN:8096866443
Vydanie:1. vyd.
Predmet:

MARC

LEADER 00000cam a2200000 a 4500
001 vtls001478844
003 SK-MaSNL
005 20260302073612.0
008 240226s2004 xo al grn 000 0 slo
015 |a SNBA2004/10-06135 
020 |a 8096866443 
035 |a SNK000434143 
035 |a urn:nbn:sk:snk-am3ixxf 
035 |a A1E06D84-9EBA-4A8D-9AF8-682DE6892DC9 
035 |a urn:nbn:sk:snk-am00g4hs 
040 |a SNK  |b slo  |c SNK  |e AACR2 
041 0 |a slo 
044 |a xo  |c SK 
072 7 |a 811.162.4  |x Slovenčina  |2 konspekt 
080 |a 811.162.4  |2 1997 
080 |a 316.77  |2 1997 
080 |a 37.0  |2 1997 
080 |a 811.162.4  |2 2011 
080 |a 316.77  |2 2011 
080 |a 316.77:81'42  |2 2011 
080 |a 81'42:37.016  |2 2011 
080 |a (048.8)  |2 2011 
080 |a 81'2/'4  |2 2011 
100 1 |a Palenčárová, Jana  |4 aut  |9 650245 
245 1 0 |a O dvoch komunikačných zručnostiach, alebo, o počúvaní a písaní  |c Jana Palenčárová, Ľudmila Liptáková 
246 3 0 |a O počúvaní a písaní 
250 |a 1. vyd. 
260 |a Bratislava  |b Združenie Orava pre demokraciu vo vzdelávaní  |c 2004 
300 |a 95 strán  |b ilustrácie, schémy  |c 21 cm 
366 |e 500 kusov 
504 |a Bibliografia na strane 92-95 
650 0 7 |a slovenčina  |2 SNKPH  |9 1350 
650 0 7 |a komunikácia  |2 SNKPH  |9 1362 
650 0 7 |a komunikačné zručnosti  |2 SNKPH  |9 2691 
650 0 7 |a sloh (vyučovací predmet)  |2 SNKPH  |9 19939 
650 0 7 |a jazykové aspekty  |2 SNKPH  |9 3836 
655 7 |a štúdie  |2 SNKPH  |9 57033 
700 1 |a Liptáková, Ľudmila,  |d 1963-  |4 aut 
919 |a 80-968664-4-3 
958 |a NB 
958 |a OND 
999 |c 1161555  |d 1163485 
952 |t P60, <03>, [BOOK], {603}  |a SNK  |b SNK  |y PREZ  |7 0  |p 17A0437660  |o snkSC 116649  |i snkKSP 9497/2004  |0 0  |1 0  |4 0  |d 2004-07-20  |f 1  |l 0  |r 2025-10-16 00:00:00  |w 2026-02-24 
952 |t P60, <04>, [BOOK], {604}  |a SNK  |b SNK  |y VYP  |7 0  |p 17A0437661  |o snkSC 116649 D1  |i snkKSP 9498/2004  |0 0  |1 0  |4 0  |d 2004-07-20  |l 0  |r 2005-01-02 00:00:00  |w 2026-02-24